000 00749pam a2200229 a 4500
001 015380157
003 Uk
005 20220407110506.0
008 110129s2010 enka b 001 0 eng
020 _a9780199215423
082 0 4 _a551.6 MCI 2010
100 1 _aMcIlveen, Robin
245 1 0 _aFundamentals of weather and climate /
_cRobin McIlveen.
250 _a2nd ed.
260 _aOxford :
_bOxford University Press,
_c2010.
300 _axxv, 632 p. :
_bill. ;
_c25 cm.
500 _aOriginally published in 1986 as Basic meteorology: a physical outline, 1st ed. of this title 1992.
504 _aIncludes bibliographical references (p. [619]-623) and index.
650 0 _aMeteorology.
650 0 _aAtmospheric physics.
942 _2ddc
_cMAIN
999 _c8927
_d8928